Welcome to CU Library Online Public Access Catalogue (OPAC)

SADC media law : (Record no. 3171)

MARC details
000 -LEADER
fixed length control field 00780cam a2200205 a 4500
001 - CONTROL NUMBER
control field 14464050
005 - DATE AND TIME OF LATEST TRANSACTION
control field 20250128172845.0
008 - FIXED-LENGTH DATA ELEMENTS--GENERAL INFORMATION
fixed length control field 060724m20039999sa a 000 0 eng d
020 ## - INTERNATIONAL STANDARD BOOK NUMBER
International Standard Book Number 0620315105
050 00 - LIBRARY OF CONGRESS CALL NUMBER
Classification number KQC893
Item number .S33 2003
245 00 - TITLE STATEMENT
Title SADC media law :
Remainder of title a handbook for media practitioners.
260 ## - PUBLICATION, DISTRIBUTION, ETC.
Place of publication, distribution, etc. Johannesburg, South Africa :
Name of publisher, distributor, etc. Konrad-Adenauer-Stiftung, Media Programme,
Date of publication, distribution, etc. c2003-<c2005 >
300 ## - PHYSICAL DESCRIPTION
Extent v. <1-3> :
Other physical details ill. ;
Dimensions 21 cm.
500 ## - GENERAL NOTE
General note "The authors are as follows, Khahliso Mochaba, Carla Raffinetti, Sheetal Vallabh, Justine White"--P. xi.
650 #0 - SUBJECT ADDED ENTRY--TOPICAL TERM
Topical term or geographic name entry element Press law
Geographic subdivision Africa, Southern.
650 #0 - SUBJECT ADDED ENTRY--TOPICAL TERM
Topical term or geographic name entry element Freedom of the press
Geographic subdivision Africa, Southern.
700 1# - ADDED ENTRY--PERSONAL NAME
Personal name Mochaba, Khahliso.
710 2# - ADDED ENTRY--CORPORATE NAME
Corporate name or jurisdiction name as entry element Konrad-Adenauer-Stiftung.
Subordinate unit Media Programme.
942 ## - ADDED ENTRY ELEMENTS (KOHA)
Source of classification or shelving scheme Library of Congress Classification
Koha item type Books
Suppress in OPAC No
999 ## -
-- 3171
-- 3171
Holdings
Withdrawn status Lost status Source of classification or shelving scheme Damaged status Not for loan Collection Home library Current library Shelving location Date acquired Total checkouts Full call number Barcode Date last seen Copy number Price effective from Koha item type
    Library of Congress Classification     Non-fiction Business Library (Miotso) Business Library (Miotso) General stacks 01/28/2025   KQC893 .S33 2003 BSSM00000706 01/28/2025 1 01/28/2025 Books
    Library of Congress Classification     Non-fiction Business Library (Miotso) Business Library (Miotso) General stacks 01/28/2025   KQC893 .S33 2003 BSSM00000707 01/28/2025 2 01/28/2025 Books
    Library of Congress Classification     Non-fiction Business Library (Miotso) Business Library (Miotso) General stacks 01/28/2025   KQC893 .S33 2003 BSSM00000708 01/28/2025 3 01/28/2025 Books
    Library of Congress Classification     Non-fiction Business Library (Miotso) Business Library (Miotso) General stacks 01/28/2025   KQC893 .S33 2003 BSSM00000709 01/28/2025 4 01/28/2025 Books
    Library of Congress Classification     Non-fiction Business Library (Miotso) Business Library (Miotso) General stacks 01/28/2025   KQC893 .S33 2003 BSSM00000710 01/28/2025 5 01/28/2025 Books
    Library of Congress Classification     Non-fiction Business Library (Miotso) Business Library (Miotso) General stacks 01/28/2025   KQC893 .S33 2003 BSSM00000711 01/28/2025 6 01/28/2025 Books
    Library of Congress Classification     Non-fiction Business Library (Miotso) Business Library (Miotso) General stacks 01/28/2025   KQC893 .S33 2003 BSSM00000712 01/28/2025 7 01/28/2025 Books
    Library of Congress Classification     Non-fiction Business Library (Miotso) Business Library (Miotso) General stacks 01/28/2025   KQC893 .S33 2003 BSSM00000713 01/28/2025 8 01/28/2025 Books
    Library of Congress Classification     Non-fiction Business Library (Miotso) Business Library (Miotso) General stacks 01/28/2025   KQC893 .S33 2003 BSSM00000714 01/28/2025 9 01/28/2025 Books
    Library of Congress Classification     Non-fiction Business Library (Miotso) Business Library (Miotso) General stacks 01/28/2025   KQC893 .S33 2003 BSSM00000715 01/28/2025 10 01/28/2025 Books
    Library of Congress Classification     Non-fiction Business Library (Miotso) Business Library (Miotso) General stacks 01/28/2025   KQC893 .S33 2003 BSSM00000716 01/28/2025 11 01/28/2025 Books
© 2023-2024 Copyright: Central University Libraries. All Rights Reserved | Created by: Mahone Tech Office